5HLuxD.jpg

KING HENRY VIII SENIOR AND PRIMARY SCHOOL LIBRARY OPAC

The bottom billion : (Record no. 222)

000 -LEADER
fixed length control field 03927cam a2200961 a 4500
001 - CONTROL NUMBER
control field 016260378
003 - CONTROL NUMBER IDENTIFIER
control field UkOxU
005 - DATE AND TIME OF LATEST TRANSACTION
control field 20190801145048.0
008 - FIXED-LENGTH DATA ELEMENTS--GENERAL INFORMATION
fixed length control field 061106s2007 enk 001 0 eng
010 ## - LIBRARY OF CONGRESS CONTROL NUMBER
LC control number 2006036630
020 ## - INTERNATIONAL STANDARD BOOK NUMBER
International Standard Book Number 9780195374636 (pbk)
035 ## - SYSTEM CONTROL NUMBER
System control number (DLC)2006036630
035 ## - SYSTEM CONTROL NUMBER
System control number (UkLCURL)982006036630
040 ## - CATALOGING SOURCE
Original cataloging agency DLC
Transcribing agency DLC
Modifying agency DLC
043 ## - GEOGRAPHIC AREA CODE
Geographic area code d------
049 ## - LOCAL HOLDINGS (OCLC)
Local processing data l
Missing elements %
050 00 - LIBRARY OF CONGRESS CALL NUMBER
Classification number HC79.P6
Item number C634 2007
082 00 - DEWEY DECIMAL CLASSIFICATION NUMBER
Classification number 338.900 COL
Edition number 22
100 1# - MAIN ENTRY--PERSONAL NAME
Personal name Collier, Paul.
Relator term author
245 14 - TITLE STATEMENT
Title The bottom billion :
Remainder of title why the poorest countries are failing and what can be done about it /
Statement of responsibility, etc. Paul Collier.
260 ## - PUBLICATION, DISTRIBUTION, ETC.
Place of publication, distribution, etc. Oxford :
Name of publisher, distributor, etc. Oxford University Press,
Date of publication, distribution, etc. 2007.
300 ## - PHYSICAL DESCRIPTION
Extent xiii, 205 p. ;
Dimensions 24 cm.
504 ## - BIBLIOGRAPHY, ETC. NOTE
Bibliography, etc. note Includes bibliography (p. [193]-195) and index.
505 0# - FORMATTED CONTENTS NOTE
Formatted contents note Falling behind and falling apart : the bottom billion -- The conflict trap -- The natural resource trap -- Landlocked with bad neighbors -- Bad governance in a small country -- On missing the boat : the marginalization of the bottom billion in the world economy -- Aid to the rescue? -- Military intervention -- Laws and charters -- Trade policy for reversing marginalization -- An agenda for action.
650 #0 - SUBJECT ADDED ENTRY--TOPICAL TERM
Topical term or geographic name entry element Poor
Geographic subdivision Developing countries.
650 #0 - SUBJECT ADDED ENTRY--TOPICAL TERM
Topical term or geographic name entry element Poverty
Geographic subdivision Developing countries
856 42 - ELECTRONIC LOCATION AND ACCESS
Materials specified Contributor biographical information
Uniform Resource Identifier <a href="http://www.loc.gov/catdir/enhancements/fy0723/2006036630-b.html">http://www.loc.gov/catdir/enhancements/fy0723/2006036630-b.html</a>
856 42 - ELECTRONIC LOCATION AND ACCESS
Materials specified Publisher description
Uniform Resource Identifier <a href="http://www.loc.gov/catdir/enhancements/fy0723/2006036630-d.html">http://www.loc.gov/catdir/enhancements/fy0723/2006036630-d.html</a>
856 41 - ELECTRONIC LOCATION AND ACCESS
Materials specified Table of contents only
Uniform Resource Identifier <a href="http://www.loc.gov/catdir/toc/ecip074/2006036630.html">http://www.loc.gov/catdir/toc/ecip074/2006036630.html</a>
942 ## - ADDED ENTRY ELEMENTS (KOHA)
Source of classification or shelving scheme
Koha item type Books - Non Ficton
Holdings
Withdrawn status Lost status Source of classification or shelving scheme Damaged status Not for loan Collection code Permanent Location Current Location Shelving location Date acquired Full call number Barcode Date last seen Price effective from Koha item type
          Non-Fiction KH8 Senior School Library KH8 Senior School Library Non Fiction 2019-08-01 338.900 COL 3KHSL000100042 2019-08-01 2019-08-01 Books - Non Ficton

Powered By KH8 IT Dept